000 00714nam a22001817a 4500
003 OSt
005 20250417104203.0
008 220317b ||||| |||| 00| 0 eng d
020 _a9781107464407
040 _cKCST
082 _a428.24
_bCa
110 _aCambridge English Language Assessment; University of Cambridge.
_95669
245 _aCambridge English IELTS : with answers :
_bauthentic examination papers from Cambridge English Language Assessment : 10 /
_cCambridge English Language Assessment; University of Cambridge.
260 _aCambridge (UK):
_bCambridge University Press;
_c2015.
300 _a179 p.
650 _aInternational English Language Testing System
_vStudy guides.
_95670
942 _2ddc
_cBK
999 _c802
_d802